| 000 | 00775nam a2200265 4500 | ||
|---|---|---|---|
| 999 |
_c130349 _d130349 |
||
| 001 | 774428 | ||
| 003 | ARRUPE | ||
| 005 | 20200212094012.0 | ||
| 008 | 720627s1972 enka b 001 0beng | ||
| 010 | _a 72181495 | ||
| 015 | _aB*** | ||
| 020 | _a0709128223 | ||
| 040 |
_aDLC _cDLC _dDLC |
||
| 050 | 0 | 0 |
_aND497.G2 _bW53 1972 |
| 082 | 0 | 0 |
_a759.2 _aB |
| 100 | 1 |
_aWilliamson, Geoffrey. _949505 |
|
| 245 | 1 | 4 |
_aThe ingenious Mr. Gainsborough; _ba biographical study. _cGeoffrey Williamson |
| 260 |
_aLondon, _bRobert Hale, _c1972. |
||
| 300 |
_a224 p. _billus. _c23 cm. |
||
| 350 | _a£3.20 | ||
| 504 | _aBibliography: p. 216-217. | ||
| 600 | 1 | 0 |
_aGainsborough, Thomas, _d1727-1788. _949506 |
| 906 |
_a7 _bcbc _corignew _d3 _encip _f19 _gy-gencatlg |
||
| 942 |
_2lcc _cMONOGRAPH |
||